书目信息 |
| 题名: |
最新日本语能力测试2级考点透析与突破
|
|
| 作者: | 朱丽颖 , 阎雪雯 主编 | |
| 分册: | 语法 | |
| 出版信息: | 大连 大连出版社 2006 |
|
| 页数: | 218页 | |
| 开本: | 26cm | |
| 丛书名: | ||
| 单 册: | ||
| 中图分类: | H360.42 , H364 | |
| 科图分类: | ||
| 主题词: | 日语--水平考试--自学参考资料 , 日语--语法--水平考试--自学参考资料 , 日语 , 语法 | |
| 电子资源: | ||
| ISBN: | 7-80684-378-7 | |
| 000 | 01168nam0 2200301 450 | |
| 001 | 003196845 | |
| 005 | 20220929162017.65 | |
| 010 | @a7-80684-378-7@dCNY19.80 | |
| 035 | @a003196845 | |
| 100 | @a20060113d2006 em y0chiy0110 ea | |
| 101 | 0 | @achi@ajpn |
| 102 | @aCN@b210000 | |
| 105 | @ay z 000yy | |
| 200 | 1 | @a最新日本语能力测试2级考点透析与突破@Azui xin ri ben yu neng li ce shi 2 ji kao dian tou xi yu tu po@i语法@Iyu fa@f朱丽颖,阎雪雯主编@Fzhu li ying, yan xue wen zhu bian |
| 210 | @a大连@c大连出版社@d2006 | |
| 215 | @a218页@d26cm | |
| 300 | @a大连出版社最新日本语能力测试用书 根据能力测试出题基准“最新修订版”编写 | |
| 330 | @a本书由“语法考点透析”、“句型考点透析”、“名型难点辨析”和“考前冲刺仿真实践”四部分组成,精心归纳、整理了日本语能力测试(JLPT)2级能力测试中常出现、难区分的语法现象,并逐一解说和辨析。 | |
| 606 | 0 | @a日语@x水平考试@j自学参考资料 |
| 606 | 0 | @a日语@x语法@x水平考试@j自学参考资料 |
| 606 | 0 | @a日语 |
| 606 | 0 | @a语法 |
| 690 | @aH360.42@v4 | |
| 690 | @aH364@v4 | |
| 701 | 0 | @a朱丽颖@Azhu li ying@4主编 |
| 701 | 0 | @a阎雪雯@Ayan xue wen@c(日语)@4主编 |
| 801 | 0 | @aCN@bNLC@c20070807 |
| 905 | @dH360.42@e435@f5 | |
| 最新日本语能力测试2级考点透析与突破.语法/朱丽颖,阎雪雯主编.-大连:大连出版社,2006 |
| 218页;26cm |
| 大连出版社最新日本语能力测试用书 根据能力测试出题基准“最新修订版”编写 |
| ISBN 7-80684-378-7:CNY19.80 |
| 本书由“语法考点透析”、“句型考点透析”、“名型难点辨析”和“考前冲刺仿真实践”四部分组成,精心归纳、整理了日本语能力测试(JLPT)2级能力测试中常出现、难区分的语法现象,并逐一解说和辨析。 |
| ● |
| 相关链接 |
|
|
|
|
正题名:最新日本语能力测试2级考点透析与突破
索取号:H360.42/435
 
预约/预借
| 序号 | 登录号 | 条形码 | 馆藏地/架位号 | 状态 | 备注 |
| 1 | 0853663 | 208536636 | 第二样本阅览室/ [索取号:H360.42/435] | 在馆 | |
| 2 | 0853664 | 208536645 | 第四借阅区/ [索取号:H360.42/435] | 在馆 | |
| 3 | 0853665 | 208536654 | 第四借阅区/ [索取号:H360.42/435] | 在馆 | |
| 4 | 0853666 | 208536663 | 第四借阅区/ [索取号:H360.42/435] | 在馆 | |
| 5 | 0853667 | 208536672 | 第四借阅区/ [索取号:H360.42/435] | 在馆 | |
| 6 | 1057144 | 210571442 | 密集书库-文学院/ [索取号:H360.42/435] | 在馆 | |
| 7 | 1057145 | 210571451 | 密集书库-文学院/ [索取号:H360.42/435] | 在馆 |